header

Housing in late antiquity (Record no. 7954)

MARC details
000 -LEADER
fixed length control field 01845nam a2200421 a 4500
001 - CONTROL NUMBER
control field ebr10270837
003 - CONTROL NUMBER IDENTIFIER
control field CaPaEBR
006 - FIXED-LENGTH DATA ELEMENTS--ADDITIONAL MATERIAL CHARACTERISTICS--GENERAL INFORMATION
fixed length control field m u
007 - PHYSICAL DESCRIPTION FIXED FIELD--GENERAL INFORMATION
fixed length control field cr cn|||||||||
008 - FIXED-LENGTH DATA ELEMENTS--GENERAL INFORMATION
fixed length control field 071015s2007 ne abe sb 001 0 eng
010 ## - LIBRARY OF CONGRESS CONTROL NUMBER
Canceled/invalid LC control number 2007042591
020 ## - INTERNATIONAL STANDARD BOOK NUMBER
Cancelled/invalid ISBN 9789004162280 (hardback : alk. paper)
Cancelled/invalid ISBN 9004162283 (hardback : alk. paper)
040 ## - CATALOGING SOURCE
Original cataloging agency CaPaEBR
Transcribing agency CaPaEBR
035 ## - SYSTEM CONTROL NUMBER
System control number (OCoLC)646789575
043 ## - GEOGRAPHIC AREA CODE
Geographic area code mm-----
050 14 - LIBRARY OF CONGRESS CALL NUMBER
Classification number GT175
Item number .H68 2007eb
082 04 - DEWEY DECIMAL CLASSIFICATION NUMBER
Classification number 392.3/609
Edition number 22
245 00 - TITLE STATEMENT
Title Housing in late antiquity
Medium [electronic resource] :
Remainder of title from palaces to shops /
Statement of responsibility, etc edited by Luke Lavan, Lale �Ozgenel, and Alexander Sarantis ; with the assistance of Simon Ellis and Yuri Marano.
260 ## - PUBLICATION, DISTRIBUTION, ETC. (IMPRINT)
Place of publication, distribution, etc Leiden ;
-- Boston :
Name of publisher, distributor, etc Brill,
Date of publication, distribution, etc 2007.
300 ## - PHYSICAL DESCRIPTION
Extent xiv, 538 p. :
Other physical details ill., maps, plans.
490 1# - SERIES STATEMENT
Series statement Late antique archaeology,
International Standard Serial Number 1570-6893 ;
Volume number/sequential designation v. 3.2
504 ## - BIBLIOGRAPHY, ETC. NOTE
Bibliography, etc Includes bibliographical references and index.
533 ## - REPRODUCTION NOTE
Type of reproduction Electronic reproduction.
Place of reproduction Palo Alto, Calif. :
Agency responsible for reproduction ebrary,
Date of reproduction 2013.
Note about reproduction Available via World Wide Web.
-- Access may be limited to ebrary affiliated libraries.
650 #0 - SUBJECT ADDED ENTRY--TOPICAL TERM
Topical term or geographic name as entry element Dwellings
Geographic subdivision Mediterranean Region
General subdivision History.
Topical term or geographic name as entry element Housing
Geographic subdivision Mediterranean Region
General subdivision History.
Topical term or geographic name as entry element Architecture, Ancient
Geographic subdivision Mediterranean Region
General subdivision History.
Topical term or geographic name as entry element Cities and towns, Ancient
Geographic subdivision Mediterranean Region
General subdivision History.
651 #0 - SUBJECT ADDED ENTRY--GEOGRAPHIC NAME
Geographic name Mediterranean Region
General subdivision History
Chronological subdivision To 476.
Geographic name Mediterranean Region
General subdivision History
Chronological subdivision 476-1517.
655 #7 - INDEX TERM--GENRE/FORM
Genre/form data or focus term Electronic books.
Source of term local
700 1# - ADDED ENTRY--PERSONAL NAME
Personal name Lavan, Luke.
Personal name �Ozgenel, Lale.
Personal name Sarantis, Alexander Constantine,
Dates associated with a name 1978-
710 2# - ADDED ENTRY--CORPORATE NAME
Corporate name or jurisdiction name as entry element ebrary, Inc.
830 #0 - SERIES ADDED ENTRY--UNIFORM TITLE
Uniform title Late antique archaeology ;
Volume number/sequential designation v. 3.2.
856 40 - ELECTRONIC LOCATION AND ACCESS
Uniform Resource Identifier <a href="http://site.ebrary.com/lib/rucke/Doc?id=10270837">http://site.ebrary.com/lib/rucke/Doc?id=10270837</a>
Public note An electronic book accessible through the World Wide Web; click to view

No items available.

© 2026 Rongo University
Contact us: librarian | system librarian | Rongo university